[Event "LSS CP-2006-Q-00007"]
[Site "LSS email"]
[Date "2008.01.15"]
[Round "?"]
[White "Miettinen, Kristo S"]
[Black "Ivanov, Hristo Angelov"]
[Result "1-0"]
[WhiteElo "2251"]
[BlackElo "2401"]
[PlyCount "33"]
[EventDate "2008.01.15"]
[EventType "tourn (corr)"]
[EventRounds "6"]
[EventCountry "GER"]
[SourceTitle "Corr 2011"]
[Source "ChessBase"]
[SourceDate "2010.08.31"]
[SourceVersion "1"]
[SourceVersionDate "2010.08.31"]
[SourceQuality "1"]

1. e4 c5 2. Nf3 Nc6 3. d4 cxd4 4. Nxd4 Nf6 5. Nc3 e5 6. Ndb5 d6 7. Nd5 Nxd5 8. exd5 Nb8 9. Qf3 a6 10. Qa3 Be7 11. Bg5 f6 12. Be3 0-0 13. 0-0-0 Bf5 14. Nc3 Nd7 15. f3 b5 16. h4 Qb8 17. Ne4 1-0